000 01974cam a2200169 4500500
005 20260208013548.0
041 _afre
042 _adc
100 1 0 _aBacot, Jean-Pierre
_eauthor
245 0 0 _aHistoire du livre et de l’imprimé au Canada de Patricia FLEMING et Gilles GALICHAN (dir.) Par Jean-Pierre BACOT
260 _c2005.
500 _a16
520 _aLa rubrique politique occupe une position haute dans la hiérarchie des rédactions de la presse quotidienne régionale et présente une « rentabilité » en termes de prestige. L’observation in situ des pratiques quotidiennes de travail des journalistes politiques du Monde, avec pour point de comparaison l’étude de Jean Padioleau menée au début des années 80, permet de saisir dans quelle mesure ce statut de rubrique « noble » se voit remis en cause au cours des années 90. Nous verrons comment l’apparition d’une nouvelle « rhétorique » journalistique traduit un renouvellement à la fois des procédures d’écriture mais aussi des représentations et pratiques journalistiques inscrites dans un rapport de force entre catégories de journalistes.
520 _aLE MONDE TWENTY YEARS LATER The political section ranks high as an editorial priority in the regional daily press and is considered “profitable” in terms of prestige. Observation of the day-to-day practices of political journalists at Le Monde, with Jean Padioleau’s study from the early eighties as a comparison, shows how much this status as a “noble” section was undermined in the nineties. The author examines how the appearance of a new journalistic “rhetoric” reflects a renewal of writing processes and of journalistic representations and practices inscribed in a balance of power between categories of journalists.
786 0 _nRéseaux | 131 | 3 | 2005-07-01 | p. 227b-232b | 0751-7971
856 4 1 _uhttps://shs.cairn.info/revue-reseaux1-2005-3-page-227b?lang=fr&redirect-ssocas=7080
999 _c1660364
_d1660364